000 01825nam0a2200349 4500
001 RU\NLR\bibl\1014777
005 20260407091111.0
021 _aRU
_b2006-68119
_93421
035 _a(NLR Aleph) 001002367
090 _a586744
_c586744
100 _a20061129d2006 |||y0rusy50 ca
101 0 _arus
102 _aRU
105 _ac c |||||
200 1 _aАлексей Иванович Чернодубов
_eбиобиблиографическое пособие
_eк 60-летию со дня рождения
_fВоронеж. гос. лесотехн. акад., Науч. б-ка
_g[сост.: С.В. Гончарова
_gотв. ред.: Л.Ю. Костылева
_gавт. вступ. ст.: проф. Я.В. Панков]
210 _aВоронеж
_cВоронежская государственная лесотехническая академия
_d2006
215 _a33 с.
_cцв. портр., ил.
_d20
225 1 _aУченые ВГЛТА
320 _aИмен. указ. загл.: с. 26
320 _aАлф. указ. загл.: с. 27-33
600 1 _aЧернодубов
_bА.И.
_f1946
_gАлексей Иванович
_jБиобиблиография
_92451572
_3RU\NLR\auth\661457586
686 _aП3д(2)Чернодубов
702 1 _aГончарова
_bС. В.
_gСветлана Вячеславовна
_4220
702 1 _aКостылева
_bЛ. Ю.
_gЛина Юрьевна
_4340
712 0 2 _4570
_aВоронежская государственная лесотехническая академия
_bНаучная библиотека
_3RU\NLR\AUTH\8810048712
_9597512
801 0 _aRU
_bNLR
_c20061129
_grcr
801 1 _aRU
_bNLR
_c20061129
830 _aсост., ред. по кн.
942 _cBOOK
980 _aNB
980 _aNBR